| 000 | 00558nam a2200193Ia 4500 | ||
|---|---|---|---|
| 005 | 20250326143153.0 | ||
| 008 | 250326s9999 xx 000 0 und d | ||
| 020 | _a0-7879-7218-5 | ||
| 037 | _aTextbook | ||
| 040 |
_aFMSL _beng _cFMSL |
||
| 041 |
_aeng _2eng |
||
| 084 |
_aX:8 P4 _qFMSL |
||
| 100 | _aGoldsmith Marshall | ||
| 245 | 0 |
_aLeading Organizational Learning _cGoldsmith Marshall And Others |
|
| 260 |
_aSan Francisco _bSan Francisco, Jossey - Bass _c2004 |
||
| 300 | _axxiii,360 | ||
| 942 |
_cTB _hX:8 P4 |
||
| 999 |
_c1298427 _d1298427 |
||